[Event "St Veit op 17th"]
[Site "St Veit"]
[Date "1998.07.14"]
[Round "4"]
[White "Juergens, Klaus"]
[Black "Horvath, Maria"]
[Result "1-0"]
[WhiteElo "2235"]
[BlackElo "2075"]

1.Nf3 d5 2.c4 c6 3.g3 e6 4.Bg2 Bd6 5.O-O Nd7 6.d3 Ngf6 7.Nc3 Qc7 8.cxd5 exd5
9.e4 dxe4 10.Re1 O-O 11.dxe4 Re8 12.Nd4 a6 13.Nf5 Bb4 14.Bf4 Qa5 15.Nd6 Bxd6
16.Qxd6 Nh5 17.Rad1 Nxf4 18.Qxf4 Nf8 19.Qd6 Bg4 20.f3 Be6 21.b4 Qb6+ 22.Qc5 Qxc5+
23.bxc5 Nd7 24.Na4 Rab8 25.Rd2 Ne5 26.f4 Nc4 27.Rc2 f6 28.Bf1 Na3 29.Rd2 Rbd8
30.Red1 Rxd2 31.Rxd2 Re7 32.Nb6 Nb1 33.Rd8+ Kf7 34.Nc4 Bxc4 35.Bxc4+ Kg6
36.Bd3 Nc3 37.e5+ Kh6 38.Rh8 g6 39.exf6 Rf7 40.Rb8 Nd5 41.Bc4 g5 42.Rg8 g4
43.h3 Rxf6 44.hxg4 Re6 45.Kf2  1-0

[Event "RUS-Cup07"]
[Site "Tomsk"]
[Date "1998.07.15"]
[Round "1"]
[White "Makarov, Marat"]
[Black "Tulchinsky, Mikhail"]
[Result "1-0"]
[WhiteElo "2540"]
[BlackElo "2295"]

1.Nf3 d5 2.c4 d4 3.g3 c5 4.e3 Nc6 5.exd4 cxd4 6.Bg2 Nf6 7.O-O Bg4 8.h3 Bxf3
9.Qxf3 e6 10.d3 Be7 11.Nd2 O-O 12.Qe2 a5 13.f4 Qc7 14.g4 Rae8 15.g5 Nd7 16.Ne4 f5
17.gxf6 Nxf6 18.Ng5 Nd8 19.Bd2 Bd6 20.a3 g6 21.Ne4 Nh5 22.Nxd6 Qxd6 23.Qe5 Qxe5
24.fxe5 a4 25.Bb4 Rf5 26.Bd6 Nf4 27.Rad1 Nxg2 28.Kxg2 Nc6 29.Rde1 Kf7 30.Re4 Rxf1
31.Kxf1 g5 32.Re2 Ne7 33.b4 Nf5 34.Kg2 h5 35.b5 Rg8 36.c5 g4 37.c6 bxc6 38.bxc6 Rc8
39.c7 Ke8 40.hxg4 hxg4 41.Rb2 Kd7 42.Rb8 Ne3+ 43.Kg3 Nc2 44.Kxg4 Ne1 45.Kf4 Nxd3+
46.Ke4 Ne1 47.Kxd4 Nc2+ 48.Kd3 Rxc7 49.Bxc7 Kxc7 50.Ra8 Nxa3 51.Rxa4 Nb5
52.Kc4  1-0

[Event "Saitek US Masters"]
[Site "Hawaii"]
[Date "1998.07.21"]
[Round "1"]
[White "Villamayor, Bong"]
[Black "Ippolito, Dean"]
[Result "1/2-1/2"]
[WhiteElo "2280"]
[BlackElo "2430"]

1.Nf3 d5 2.c4 c6 3.e3 Nf6 4.d4 Bf5 5.Bd3 Bxd3 6.Qxd3 e6 7.Nc3 Nbd7 8.O-O Bd6
9.e4 dxc4 10.Qxc4 e5 11.Bg5 O-O 12.Rad1 Qe7 13.Bxf6 Qxf6 14.dxe5 Nxe5 15.Nxe5 Qxe5
16.f4 Qc5+ 17.Qxc5 Bxc5+ 18.Kh1 Rfd8 19.g3 Bd4 20.Kg2 Kf8 21.Kf3 b5 22.Rd3 b4
23.Na4 c5 24.Rc1 Rac8 25.b3 Ke7 26.Rc2 f6 27.Ke2 Rc6 28.Rdd2 Rcd6 29.Rc4 Bg1
30.Rxd6 Kxd6 31.Nb2 Kc6 32.Nd3 Kb5 33.h3 Bd4 34.Kf3 a5 35.Rc2 Bc3 36.Ke3 c4
37.bxc4+ Kxc4 38.Nb2+ Kb5 39.Nd3 a4 40.e5 fxe5 41.fxe5 Bd4+ 42.Ke4 Bc3 43.a3 Rd4+
44.Ke3 Rd5 45.Nxb4 Rxe5+ 46.Kd3 Be1 47.g4 Rc5 48.Rxc5+ Kxc5 49.Na2 Bh4 50.Nc3 Be7
51.Nxa4+  1/2-1/2

[Event "MK Cafe Cup-A"]
[Site "Koszalin"]
[Date "1998.08.03"]
[Round "1"]
[White "Cyborowski, Lukasz"]
[Black "Volzhin, Alexander"]
[Result "1/2-1/2"]
[WhiteElo "2390"]
[BlackElo "2530"]

1.Nf3 d5 2.c4 dxc4 3.Qa4+ Nc6 4.Nc3 a6 5.e3 Be6 6.Ne5 Qd6 7.Nxc6 Qxc6 8.Qxc6+ bxc6
9.Ne4 Nf6 10.Nxf6+ exf6 11.d3 O-O-O 12.d4 c5 13.dxc5 Bxc5 14.Bd2 Rd6 15.Be2 Rhd8
16.O-O-O c3 17.Bxc3 Bxa2 18.Rxd6 Rxd6 19.b4 Ba7 20.Kb2 Bd5 21.Bd4 Bxd4+ 22.exd4 Kb7
23.Kc3 f5 24.Ra1 f4 25.g3 Rh6 26.h4 fxg3 27.fxg3 f5 28.Ra5 Be4 29.Re5 Rc6+
30.Kd2 g6 31.g4 Rc2+ 32.Ke3 Rb2 33.Re6 Rxb4 34.Bxa6+ Ka7 35.Be2 Bb1 36.Re7 fxg4
37.Rxc7+  1/2-1/2

[Event "RUS-ch51"]
[Site "St Petersburg"]
[Date "1998.08.04"]
[Round "8"]
[White "Pigusov, Evgeny"]
[Black "Evseev, Denis"]
[Result "1/2-1/2"]
[WhiteElo "2605"]
[BlackElo "2470"]

1.Nf3 d5 2.c4 c6 3.d4 Nf6 4.Qb3 dxc4 5.Qxc4 Bf5 6.g3 Nbd7 7.Bg2 e6 8.O-O Be7
9.Nc3 Ne4 10.e3 O-O 11.Rd1 Nxc3 12.bxc3 Be4 13.Qe2 c5 14.c4 Nf6 15.Bb2 Qa5
16.Ne5 Bxg2 17.Kxg2 cxd4 18.exd4 Ba3 19.Rab1 Bxb2 20.Rxb2 Qc7 21.Qf3 b6 22.Re2 Rac8
23.d5 exd5 24.cxd5 Qd6 25.Rd4 b5 26.Rdd2 Rc5 27.Nc6 g6 28.Rd3 Kg7 29.Red2 a6  1/2-1/2

[Event "Eikrem mem"]
[Site "Gausdal"]
[Date "1998.08.06"]
[Round "6"]
[White "Gausel, Einar"]
[Black "Ehrke, Michael"]
[Result "1-0"]
[WhiteElo "2540"]
[BlackElo "2250"]

1.Nf3 d5 2.c4 c6 3.d4 Nf6 4.Qc2 e6 5.Bg5 Nbd7 6.cxd5 exd5 7.Nc3 Be7 8.e3 O-O
9.Bd3 Re8 10.O-O Nf8 11.Rab1 Ne4 12.Bf4 Ng5 13.Bxg5 Bxg5 14.b4 a6 15.a4 Be7
16.b5 axb5 17.axb5 Bd6 18.bxc6 bxc6 19.Na4 Bg4 20.Nd2 Qh4 21.g3 Qh3 22.Rfe1 Re6
23.Bf1 Qh5 24.Bg2 Rh6 25.Nf1 Bf5 26.e4 dxe4 27.Bxe4 Bh3 28.Qxc6 Bxf1 29.Qxa8 Bc4
30.h4 g5 31.Bf3 Qg6 32.h5 Qf5 33.Nb6 Bd3 34.Be4 Bxe4 35.Qxe4 Qh3 36.Nc4 Bc7
37.Qg2 Qxh5 38.Rb7 Bd6 39.Rb6 Bc7 40.Rxh6 Qxh6 41.Qb7  1-0

[Event "BCF-ch"]
[Site "Torquay"]
[Date "1998.08.07"]
[Round "11"]
[White "Miles, Anthony J"]
[Black "Short, Nigel D"]
[Result "1-0"]
[WhiteElo "2595"]
[BlackElo "2660"]

1.Nf3 d5 2.c4 e6 3.g3 Nf6 4.Bg2 Be7 5.b3 O-O 6.O-O c5 7.Bb2 Nc6 8.e3 b6 9.Nc3 Bb7
10.cxd5 Nxd5 11.Nxd5 Qxd5 12.d4 Na5 13.dxc5 Bxc5 14.Qxd5 Bxd5 15.Rfd1 Rfd8
16.Rac1 Nc6 17.Nd4 Bxg2 18.Kxg2 Bxd4 19.Bxd4 Nxd4 20.Rxd4 Rxd4 21.exd4 g5
22.Rc7 Rd8 23.Rxa7 Rxd4 24.Rb7 Rd6 25.a4 Kg7 26.Kf1 g4 27.Ke2 h5 28.b4 e5
29.a5 bxa5 30.bxa5 Rd4 31.a6 Ra4 32.a7 Kg6 33.Kd3 f6 34.Kc3 Kf5 35.Kb3 Ra1
36.Rc7 Ke6 37.Kc4 Kd6 38.Rf7 Ke6 39.Rh7 Kf5 40.Kd5 Ra5+ 41.Kc6 Ke4 42.Kb6 Ra2
43.Rh8 Rxa7 44.Kxa7 Kf3 45.Kb6 Kxf2 46.Kc5 e4 47.Rxh5 e3 48.Rf5+ Kg2 49.Rxf6 Kxh2
50.Kd4 e2 51.Re6 Kxg3 52.Kd3  1-0

[Event "Hampstead GM3"]
[Site "Hampstead"]
[Date "1998.08.10"]
[Round "14"]
[White "Dunnington, Angus J"]
[Black "Ippolito, Dean"]
[Result "1/2-1/2"]
[WhiteElo "2365"]
[BlackElo "2430"]

1.Nf3 d5 2.c4 e6 3.g3 Nf6 4.b3 b6 5.Bg2 Bb7 6.Bb2 Bd6 7.O-O O-O 8.Nc3 c5
9.cxd5 Nxd5 10.d4 Nd7 11.dxc5 Bxc5 12.Nxd5 Bxd5 13.b4 Be7 14.Nd4 Bxg2 15.Kxg2 Bf6
16.Qb3 Nc5 17.bxc5 Bxd4 18.Bxd4  1/2-1/2

[Event "Hampstead GM3"]
[Site "Hampstead"]
[Date "1998.08.12"]
[Round "3"]
[White "Dunnington, Angus J"]
[Black "Kaufman, Larry C"]
[Result "1/2-1/2"]
[WhiteElo "2365"]
[BlackElo "2400"]

1.Nf3 d5 2.c4 c6 3.e3 Nf6 4.Nc3 e6 5.b3 Nbd7 6.Bb2 Bd6 7.Qc2 O-O 8.Be2 a6
9.d4 b5 10.O-O Rb8 11.Rad1 Bb7 12.c5 Bc7 13.b4 a5 14.a3 Ra8 15.Kh1 Qb8 16.h3 Re8
17.Rfe1 h6 18.Bd3 Qc8 19.e4 axb4 20.axb4 dxe4 21.Bxe4 Nd5  1/2-1/2

[Event "ESP-ch"]
[Site "Linares"]
[Date "1998.08.13"]
[Round "2"]
[White "Lezcano Jaen, Pedro"]
[Black "Mora Manez, Julio"]
[Result "1-0"]
[WhiteElo "2425"]
[BlackElo "2080"]

1.Nf3 d5 2.c4 c6 3.g3 Nf6 4.Bg2 Bf5 5.cxd5 cxd5 6.Qb3 Qb6 7.Qxb6 axb6 8.Nc3 e6
9.d3 h6 10.O-O Nc6 11.Nd2 Be7 12.e4 dxe4 13.dxe4 Bg6 14.Nc4 Nd7 15.Rd1 Bh5
16.Rxd7 Kxd7 17.Nxb6+ Kc7 18.Nxa8+ Rxa8 19.Bf4+ Kb6 20.Rc1 Bc5 21.Kf1 Bd4
22.f3 Bxc3 23.Rxc3 Rxa2 24.Rb3+ Ka7 25.Bd6 Ra1+ 26.Kf2 Rc1 27.Rc3 Rd1 28.Bc7 Nb8
29.Bf4 Nc6 30.Bf1 e5 31.Be3+ Kb8 32.g4 Bg6 33.Rd3 Rxd3 34.Bxd3 h5 35.g5 f6
36.gxf6 gxf6 37.Bh6 Kc7 38.Bg7 Kd6 39.Bxf6 Ke6  1-0

[Event "Hampstead GM3"]
[Site "Hampstead"]
[Date "1998.08.14"]
[Round "5"]
[White "Szekely, Peter"]
[Black "Kaufman, Larry C"]
[Result "1/2-1/2"]
[WhiteElo "2465"]
[BlackElo "2400"]

1.Nf3 d5 2.c4 c6 3.cxd5 cxd5 4.d4 Nf6 5.Nc3 Nc6 6.Bf4 a6 7.Rc1 Bf5 8.e3 Rc8
9.Be2 e6 10.O-O Bd6 11.Bxd6 Qxd6 12.Qb3 Rc7 13.Na4 Nd7 14.Nc5 Nxc5 15.Rxc5 Bg4
16.Rfc1 O-O 17.Qb6 Bxf3 18.Bxf3 Rd7 19.Bd1 Nd8 20.Qxd6 Rxd6 21.Ba4 Rb6 22.R1c2 f6
23.Rc7 Rb4 24.Bb3 a5 25.Rd2 Nc6 26.Bc2 g6 27.Bd3 Rf7 28.Rc8+ Rf8 29.Rc7 Rf7
30.Rc8+ Rf8 31.Rc7  1/2-1/2

[Event "FRA-ch"]
[Site "Meribel"]
[Date "1998.08.14"]
[Round "1"]
[White "Dorfman, Josif D"]
[Black "Miralles, Gilles"]
[Result "1-0"]
[WhiteElo "2585"]
[BlackElo "2515"]

1.Nf3 d5 2.c4 c6 3.d4 Nf6 4.Nc3 dxc4 5.a4 Bf5 6.Ne5 Nbd7 7.Nxc4 Qc7 8.g3 e5
9.dxe5 Nxe5 10.Bf4 Nfd7 11.Bg2 f6 12.O-O Be6 13.Nxe5 fxe5 14.Bg5 h6 15.Be3 Bb4
16.Qc2 Nf6 17.a5 a6 18.Ra4 Bxc3 19.Bb6 Qf7 20.Qxc3 O-O 21.Qxe5 Rae8 22.Qc3 Bb3
23.Rb4 Bd5 24.Qc2 Bxg2 25.Kxg2 Nd5 26.Rb3 Qh5 27.f3 Nxb6 28.axb6 Qf7 29.Rd3 Re5
30.Rfd1 Qe6 31.R1d2 Qf6 32.Qc4+ Kh8 33.Rd7 Re7 34.Rxe7 Qxe7 35.Qd4 Qg5 36.h4 Qb5
37.b4 a5 38.bxa5 Qxa5 39.Qe3 c5 40.Rd6 Qb5 41.Qe5 Kh7 42.Re6  1-0

[Event "ESP-ch"]
[Site "Linares"]
[Date "1998.08.15"]
[Round "4"]
[White "Lezcano Jaen, Pedro"]
[Black "Cardenas Valero, Ramon"]
[Result "1/2-1/2"]
[WhiteElo "2425"]
[BlackElo "2270"]

1.Nf3 d5 2.c4 e6 3.b3 Nf6 4.g3 b6 5.Bg2 Bb7 6.O-O Nbd7 7.d3 Be7 8.Bb2 O-O
9.Nc3 c5 10.e3 Qc7 11.Qe2 Rad8 12.e4 d4 13.Nb1 e5 14.Ne1 Ne8 15.f4 f5 16.exf5 Rxf5
17.Nf3 Bd6 18.Ng5 Nf8 19.Bh3 Rf6 20.f5 e4 21.Nxe4 Bxe4 22.Qxe4 Rf7 23.Qg2 Nf6
24.Na3 a6 25.Rae1 Re7 26.Rxe7 Qxe7 27.Nc2 N8d7 28.Bc1 Ne5 29.Ne1 h5 30.Bf4 Re8
31.Bxe5 Qxe5 32.Nc2 Qe2 33.Qxe2 Rxe2 34.Rf2 Re7 35.Kf1 Nd7 36.Bg2 Kf7 37.Be4 Ne5
38.f6 gxf6 39.Rf5 h4 40.gxh4 Kg7 41.a4 a5 42.h3 Nf7 43.Ne1 Re5 44.Rf2 Rh5
45.Rg2+ Kf8 46.Nf3 Ne5 47.Nxe5 Bxe5  1/2-1/2

[Event "Hampstead GM3"]
[Site "Hampstead"]
[Date "1998.08.16"]
[Round "7"]
[White "Szekely, Peter"]
[Black "Kopec, Danny"]
[Result "1/2-1/2"]
[WhiteElo "2465"]
[BlackElo "2400"]

1.Nf3 d5 2.c4 e6 3.g3 Nf6 4.Bg2 Bd6 5.O-O O-O 6.d4 Nbd7 7.b3 dxc4 8.bxc4 c5
9.Bb2 Nb6 10.dxc5 Bxc5 11.Qc2 Qe7 12.Nbd2 Bd7 13.Rac1 Rac8 14.Ne5 Ba4 15.Qb1 Bb4
16.Ndf3 Rc7 17.Nd3 Ba3 18.c5 Bxb2  1/2-1/2

[Event "Hampstead Rated3"]
[Site "Hampstead"]
[Date "1998.08.18"]
[Round "4"]
[White "Paci, Cedric"]
[Black "Leal, Paulo"]
[Result "1/2-1/2"]
[WhiteElo "2140"]
[BlackElo "2135"]

1.Nf3 d5 2.c4 e6 3.g3 Nf6 4.Bg2 Be7 5.O-O O-O 6.d4 b6 7.Qc2 Bb7 8.Ne5 Na6
9.cxd5 exd5 10.Bg5 c5 11.Rd1 h6 12.Be3 Qc8 13.Nc3 Qe6 14.Qd2 Rfd8 15.Nd3 Nh5
16.Bf3 Nf6 17.Nf4 Qc8 18.Rac1 g5 19.Nd3 Ne4 20.Qe1 Qe6 21.Nb5 Kg7 22.Ne5 f6
23.Bg4 f5 24.Bh5 Bf6 25.Nf7 Rd7 26.f3 Nxg3 27.Qxg3 Qxe3+ 28.Kh1 Qe6 29.Nbd6 Re7
30.h4 f4 31.Qg2 Kf8 32.hxg5 hxg5 33.Re1 Rd7 34.Bg4 Qe7 35.Bxd7 Qxd7 36.Qh2 Bxd4
37.Qh6+ Bg7 38.Qxg5 Qh3+ 39.Kg1 Bd4+ 40.e3  1/2-1/2

[Event "Wch (Men) U26"]
[Site "Rotterdam"]
[Date "1998.08.18"]
[Round "7"]
[White "Lehmann, Zoltan"]
[Black "De Wachter, Matthias"]
[Result "0-1"]
[WhiteElo "2345"]
[BlackElo "2170"]

1.Nf3 d5 2.c4 c6 3.b3 Bg4 4.e3 e6 5.Bb2 Nd7 6.Be2 Ngf6 7.O-O Bd6 8.d3 O-O
9.Nbd2 Re8 10.Qc2 e5 11.cxd5 cxd5 12.e4 Rc8 13.Qd1 dxe4 14.dxe4 Nc5 15.Bc4 Bb8
16.Qe2 Bxf3 17.Nxf3 Ncxe4 18.Rfd1 Qb6 19.Bd5 Nxf2 20.Qxf2 Qxf2+ 21.Kxf2 Rc2+
22.Kg1 Nxd5 23.Rxd5 Rxb2 24.Rd7 e4 25.Re1 Kf8 26.Ng5 f6 27.Nxe4 f5 28.Rf7+ Kxf7
29.Ng5+ Kg6 30.Rxe8 Bxh2+ 31.Kxh2 Kxg5 32.Re7 Kf6 33.Rxb7 Rxa2  0-1

[Event "Wch (Men) U26"]
[Site "Rotterdam"]
[Date "1998.08.18"]
[Round "7"]
[White "Jirovsky, Milos"]
[Black "Galkin, Alexander"]
[Result "1/2-1/2"]
[WhiteElo "2435"]
[BlackElo "2540"]

1.Nf3 d5 2.c4 c6 3.Qb3 Nf6 4.d4 e6 5.g3 dxc4 6.Qxc4 b5 7.Qc2 Bb7 8.Bg2 Nbd7
9.a4 c5 10.axb5 cxd4 11.O-O Bc5 12.Bg5 Rc8 13.Nbd2 Bd5 14.Rfc1 O-O 15.Nb3 Bxb3
16.Qxb3 h6 17.Bxf6 Qxf6 18.Nd2 Qe7 19.Bc6 Ne5 20.Qc2 Bb6 21.Qe4 Qd6 22.Qf4 f5
23.h4 Rfd8 24.b3 Qb8 25.h5 Kf8 26.Ra4 Kg8 27.Kf1 Kh8 28.Kg1 Qc7 29.Nc4 Nxc4
30.Qxc7 Rxc7 31.bxc4 Bc5 32.Rd1 Kg8 33.Kg2 Kf7 34.f4 Kf6 35.e4 fxe4 36.Bxe4  1/2-1/2

[Event "Mislata op7th"]
[Site "Valencia"]
[Date "1998.08.18"]
[Round "6.11"]
[White "Gonzalez Aguirre, Luis"]
[Black "Fos Santacreu, Juan Andres"]
[Result "0-1"]
[WhiteElo "2150"]
[BlackElo "2265"]

1.Nf3 d5 2.c4 d4 3.b4 c5 4.g3 cxb4 5.a3 bxa3 6.Bxa3 f6 7.d3 e5 8.Bg2 Bxa3
9.Nxa3 Ne7 10.O-O O-O 11.Qb3 Nbc6 12.Rfb1 Kh8 13.Nd2 Rb8 14.Nc2 Bg4 15.Kf1 Qd7
16.Bh1 h5 17.Nb4 h4 18.Qa4 f5 19.gxh4 Qd6 20.Nxc6 Nxc6 21.Bxc6 bxc6 22.Rxb8 Rxb8
23.Ke1 e4 24.dxe4 Qxh2 25.Nf1 Qg1 26.Qa3 Qh1 27.Qe7 Bh3 28.Kd2 Bxf1 29.Rb1 Qh2
30.Rxf1 Qf4+ 31.Kc2 fxe4 32.Rg1 d3+ 33.Kc3 Qh6 34.exd3 exd3 35.Kxd3 Rg8 36.Rg3 Qh7+
37.Kc3 Qb1 38.Qg5 Qa1+ 39.Kc2 Rb8 40.Qh5+ Kg8 41.Qg5 Rb2+ 42.Kd3 Qf1+ 43.Kc3 Qc1+
44.Kd4 Qd2+ 45.Ke5 Qe1+ 46.Kd6 Rd2+ 47.Kxc6 Qe8+ 48.Kb7 Qe7+ 49.Ka6 Qd6+  0-1

[Event "Schwarzach opA"]
[Site "Schwarzach"]
[Date "1998.08.24"]
[Round "3"]
[White "Piven, Igor"]
[Black "Blatny, Pavel"]
[Result "1/2-1/2"]
[WhiteElo "2380"]
[BlackElo "2520"]

1.Nf3 d5 2.c4 c6 3.d4 e6 4.Nbd2 f5 5.g3 Nf6 6.Bg2 Be7 7.O-O O-O 8.b3 Ne4
9.Ne5 Nd7 10.Nd3 Bf6 11.Nf3 dxc4 12.bxc4 c5 13.e3 b6 14.Bb2 Bb7 15.Qe2 Qc7
16.Nf4 Rae8 17.Rfd1 cxd4 18.Nxd4 Ndc5 19.Nb5 Qb8 20.Bxf6 Nxf6 21.Nd6 Re7
22.Nxb7 Nxb7 23.Qb2 Ne4 24.Nd3 Nbc5 25.Nxc5 Nxc5 26.Rd2 Rd8 27.Rd4 Red7 28.Rad1 Qc7
29.h3 Kf8 30.g4 Rxd4 31.exd4 fxg4 32.Re1 Nb7 33.Qb4+ Kf7 34.d5 e5 35.hxg4 Nc5
36.Qb1 g6 37.Re3 Re8 38.Qb2 Qd6 39.Rf3+ Kg8 40.g5 Rf8 41.Qa3 Rxf3 42.Qxf3 Qf8
43.Qa3 a5 44.Qb2 Qd6 45.Qa3 Kg7 46.Qh3 Qd7 47.Qc3 Qf5 48.Qb2 Qxg5 49.Qxb6 Qc1+
50.Bf1 Qg5+ 51.Bg2 Nd3 52.d6 Qc1+ 53.Bf1 Qg5+ 54.Bg2 Qc1+ 55.Bf1 Qg5+  1/2-1/2

[Event "Schwarzach opA"]
[Site "Schwarzach"]
[Date "1998.08.25"]
[Round "4"]
[White "Blatny, Pavel"]
[Black "Klovans, Janis"]
[Result "1/2-1/2"]
[WhiteElo "2520"]
[BlackElo "2465"]

1.Nf3 d5 2.c4 e6 3.b3 Nf6 4.Bb2 Be7 5.g3 O-O 6.Bg2 b6 7.O-O Bb7 8.e3 c5 9.Nc3 dxc4
10.bxc4 Nc6 11.Ne1 Qd7 12.Qe2 Rfd8 13.d3 Rab8 14.Rd1 a6 15.f4 b5 16.g4 Na5
17.g5 Bxg2 18.Qxg2 Ne8 19.cxb5 axb5 20.Ne4 Nc4 21.Bc1 f5 22.gxf6 Nxf6 23.Nf2 Nd6
24.Nf3 Nf7 25.Bb2 g6 26.Rd2 Qd5 27.e4 Qh5 28.h3 c4 29.Be5 Nxe5 30.fxe5 Nd7
31.Ng4 Nc5 32.Nf6+ Bxf6 33.exf6 cxd3 34.Re1 e5 35.Qg3 Rb6 36.f7+ Kxf7 37.Nxe5+ Kg7
38.Ng4 Qg5 39.Rf2 d2 40.Rd1 Nxe4 41.Qb3 Kh8 42.Qb2+ Kg8 43.Qb3+ Kh8 44.Qb2+ Kg8  1/2-1/2

[Event "Schwarzach opA"]
[Site "Schwarzach"]
[Date "1998.08.27"]
[Round "6"]
[White "Quinn, Mark"]
[Black "Ljubic, Juro"]
[Result "1-0"]
[WhiteElo "2350"]
[BlackElo "2220"]

1.Nf3 d5 2.c4 e6 3.g3 b6 4.cxd5 exd5 5.Bg2 Nf6 6.O-O Be7 7.d4 O-O 8.Nc3 Bb7
9.Bf4 c6 10.Rc1 Nbd7 11.Ne5 Nxe5 12.dxe5 Ne8 13.Qd3 Nc7 14.Rcd1 Rb8 15.Rfe1 Ne6
16.Bc1 Qc7 17.f4 Rbd8 18.Kh1 g6 19.Qc2 Qb8 20.e3 b5 21.b3 Nc5 22.Ba3 Qc7
23.Bxc5 Bxc5 24.Ne4 Be7 25.Nc5 Bxc5 26.Qxc5 Qb6 27.Rc1 Ra8 28.Red1 Rfd8 29.Rd4 Qxc5
30.Rxc5 a5 31.Kg1 Kf8 32.g4 h6 33.Kf2 Ke7 34.Kg3 Kd7 35.e4 Kc7 36.exd5 Kb6
37.Rc2 cxd5 38.f5 gxf5 39.gxf5 Rac8 40.Rcd2 Kc5 41.Rh4 Rh8 42.a3 Rcg8+ 43.Kf4 b4
44.axb4+ Kxb4 45.Bxd5 Bxd5 46.Rxd5 Rg1 47.e6 fxe6 48.fxe6 Re1 49.Re5 Rxe5
50.Kxe5+ Kxb3 51.e7 a4 52.Rxh6 Rxh6 53.e8=Q Rxh2 54.Qe6+ Kb2 55.Kd5 Rc2 56.Qe5+ Kb3
57.Kd4 a3 58.Kd3 Rb2 59.Qd5+ Ka4 60.Kc3 Rb5 61.Qa8+  1-0

[Event "Wiesbaden op"]
[Site "Wiesbaden"]
[Date "1998.08.27"]
[Round "7"]
[White "Schnitzspan, Lothar"]
[Black "Lobzhanidze, Davit"]
[Result "0-1"]
[WhiteElo "2310"]
[BlackElo "2455"]

1.Nf3 d5 2.c4 c6 3.cxd5 cxd5 4.d4 Nf6 5.Nc3 a6 6.g3 b5 7.Bg2 Bb7 8.O-O e6
9.Ne5 Nbd7 10.f4 Bd6 11.Be3 O-O 12.Kh1 Rc8 13.Rc1 Ne4 14.Nxe4 dxe4 15.Rxc8 Qxc8
16.Nxd7 Qxd7 17.g4 f5 18.gxf5 exf5 19.Qb3+ Qf7 20.Qxf7+ Kxf7 21.Rc1 h6 22.Bd2 Kf6
23.h4 Rc8 24.Rxc8 Bxc8 25.e3 g5 26.fxg5+ hxg5 27.hxg5+ Kxg5 28.Bh3 Bb7 29.Kg1 f4
30.exf4+ Bxf4 31.Bxf4+ Kxf4 32.Kf2 Bd5 33.Bc8 e3+ 34.Ke1 a5 35.Ba6 Bxa2 36.Bxb5 Ke4
37.Be8 Kxd4 38.Bg6 Bc4 39.Bc2 Bd3 40.Bb3 Kc5 41.Kd1 Kb4 42.Be6 Bc4 43.Bg4 e2+
44.Bxe2 Bxe2+ 45.Kc2 Bd3+  0-1

[Event "FRA-ch"]
[Site "Meribel"]
[Date "1998.08.28"]
[Round "15"]
[White "Bauer, Christian"]
[Black "Dorfman, Josif D"]
[Result "1/2-1/2"]
[WhiteElo "2490"]
[BlackElo "2585"]

1.Nf3 d5 2.c4 e6 3.d4 Nf6 4.g3 Bb4+ 5.Bd2 Be7 6.Bg2 O-O 7.O-O c6 8.Qc2 b6
9.Bf4 Bb7 10.Nbd2 Nbd7 11.cxd5 Nxd5 12.Ne4 c5 13.dxc5 Nxc5 14.Rad1 Rc8 15.Bc1 Qc7
16.Nfg5 Nd7 17.Qxc7 Rxc7 18.Bh3 Nc5 19.Nxc5  1/2-1/2

[Event "Schwarzach opA"]
[Site "Schwarzach"]
[Date "1998.08.28"]
[Round "7"]
[White "Piven, Igor"]
[Black "Burmakin, Vladimir"]
[Result "1/2-1/2"]
[WhiteElo "2380"]
[BlackElo "2560"]

1.Nf3 d5 2.c4 e6 3.d4 c6 4.Nbd2 Nf6 5.g3 dxc4 6.Nxc4 c5 7.Nce5 cxd4 8.Qxd4 Qxd4
9.Nxd4 Bb4+ 10.Bd2 Bxd2+ 11.Kxd2 O-O 12.Bg2 Rd8 13.Ke3 Nbd7 14.Nxd7 Bxd7
15.f3 a5 16.Rhc1 e5 17.Nc2 Bc6 18.h3 Nd5+ 19.Kf2 f5 20.Ne3 Nxe3 21.Kxe3 f4+
22.gxf4 exf4+ 23.Kxf4 Rd2 24.Bf1 Rxb2 25.e4 Rd8 26.Rd1 Rbd2 27.Rxd2 Rxd2
28.Rb1 Kf7 29.Ke5 Rc2 30.Kd4 Kf6 31.Bb5 Rxa2 32.Bxc6 bxc6 33.Rc1 Ra4+ 34.Ke3 Ke5
35.Rxc6 Ra3+ 36.Ke2 Kf4 37.Rc7 Re3+ 38.Kd2 Rxf3 39.Rxg7 Rxh3 40.Ra7 Kxe4
41.Rxa5 Kf3 42.Rf5+ Kg3 43.Ke2 Rh2+ 44.Kf1 Rh1+ 45.Ke2 h5 46.Rg5+ Kh4 47.Rg8 Kh3
48.Kf2 Rb1 49.Rg3+ Kh2 50.Rg2+ Kh1 51.Rg3 Rb2+ 52.Kf1 Kh2 53.Rg5 h4 54.Rg4 h3
55.Rg8 Rb6 56.Rf8 Rg6 57.Rf3 Rg1+ 58.Kf2 Rb1 59.Rc3 Rb8 60.Rf3  1/2-1/2

[Event "Recklinghauser Schachtage"]
[Site "Recklinghausen"]
[Date "1998.08.30"]
[Round "6"]
[White "Henrichs, Thomas"]
[Black "Nenashev, Alexander"]
[Result "0-1"]
[WhiteElo "2445"]
[BlackElo "2625"]

1.Nf3 d5 2.c4 e6 3.g3 Nf6 4.Bg2 Be7 5.O-O O-O 6.b3 b6 7.Bb2 Bb7 8.e3 Nbd7
9.Qe2 Re8 10.Nc3 Bf8 11.d4 dxc4 12.bxc4 c5 13.d5 exd5 14.Nh4 Ne5 15.Nxd5 Nxd5
16.Rad1 Qc8 17.Bxd5 Rb8 18.f4 Bxd5 19.cxd5 Ng6 20.Nxg6 hxg6 21.e4 c4 22.Bd4 Qd7
23.Qg2 Rbd8 24.g4 b5 25.g5 b4 26.f5 c3 27.Rd3 gxf5 28.Rxf5 Rc8 29.Rf1 Rc4
30.g6 fxg6 31.e5 Rxd4 32.Rxd4 Bc5 33.Qe4 Qd6 34.e6 Bxd4+ 35.Qxd4 Rxe6 36.Qxa7 Re2
37.Qf7+ Kh7 38.Rf4 Kh6 39.Rh4+ Kg5  0-1

[Event "Karl Wagner mem 5th"]
[Site "Graz"]
[Date "1998.09.07"]
[Round "3.27"]
[White "Riemelmoser, Oliver"]
[Black "Ganaus, Hannes"]
[Result "0-1"]
[WhiteElo "2175"]
[BlackElo "2225"]

1.Nf3 d5 2.c4 e6 3.g3 Nf6 4.Bg2 dxc4 5.O-O Bd7 6.Ne5 Bc6 7.Nxc6 Nxc6 8.Qa4 Qd7
9.Qxc4 Nd5 10.d4 Be7 11.Nc3 Na5 12.Qb5 Qxb5 13.Nxb5 a6 14.Nc3 Nxc3 15.bxc3 O-O-O
16.Rb1 c6 17.Rd1 Nc4 18.e4 e5 19.Bf1 Nd6 20.f3 Nb5 21.Bb2 f6 22.a4 Na3 23.Rbc1 b5
24.Kf2 Nc4 25.Bxc4 bxc4 26.Ke3 Kc7 27.f4 Rb8 28.Rc2 Rhd8 29.Rf1 Rd7 30.g4 Rb3
31.fxe5 fxe5 32.dxe5 Rd3+ 33.Kf4 Rb8 34.Kf5 Kd7  0-1

[Event "CRO-chT"]
[Site "Porec"]
[Date "1998.09.07"]
[Round "3"]
[White "Kozul, Zdenko"]
[Black "Golubovic, Boris"]
[Result "1-0"]
[WhiteElo "2570"]
[BlackElo "2440"]

1.Nf3 d5 2.c4 c6 3.e3 Nf6 4.Nc3 g6 5.d4 Bg7 6.cxd5 cxd5 7.Bb5+ Nbd7 8.Qb3 e6
9.O-O O-O 10.Bd2 a6 11.Bxd7 Nxd7 12.Rfc1 b6 13.Na4 Bb7 14.Ba5 bxa5 15.Qxb7 Nf6
16.Qc7 Ne4 17.Qxd8 Rfxd8 18.Rc6 h5 19.Rac1 g5 20.Ne1 e5 21.dxe5 Bxe5 22.Nd3 Bg7
23.Nac5 Rac8 24.Nb7 Rxc6 25.Rxc6 Rb8 26.Nxa5 Bxb2 27.f3 Nc3 28.Rxa6 Nd1 29.Nc6 Re8
30.Nxb2 Nxb2 31.Ra5 Rxe3 32.Rxd5 f6 33.Kf2 Rc3 34.Nb4 Rc4 35.a3 Rc3 36.Rd6 Kg7
37.Rd7+ Kg6 38.Ra7 Nc4 39.Rc7 g4 40.a4 gxf3 41.gxf3 Nb2 42.Rxc3 Nd1+ 43.Kg3 Nxc3
44.a5 Kf5 45.a6 Nb5 46.Nc6 Nc7 47.a7 Na8 48.Kh4  1-0

[Event "Karl Wagner mem 5th"]
[Site "Graz"]
[Date "1998.09.09"]
[Round "5.39"]
[White "Riemelmoser, Oliver"]
[Black "Neubauer, Anton"]
[Result "1-0"]
[WhiteElo "2175"]
[BlackElo "2015"]

1.Nf3 d5 2.c4 e6 3.g3 dxc4 4.Na3 c6 5.Nxc4 b5 6.Nce5 Be7 7.Bg2 Bb7 8.Qb3 Qd5
9.Qe3 Nd7 10.O-O Nxe5 11.Nxe5 Qd6 12.b3 Bf6 13.Bb2 Ne7 14.d4 Nf5 15.Qc3 O-O
16.e4 Nh6 17.Nd3 Qc7 18.Rac1 Rac8 19.Nc5 Ba8 20.a4 Rfd8 21.Rfd1 a5 22.Bh3 b4
23.Qe3 Kh8 24.e5 Be7 25.d5 Rxd5 26.Rxd5 cxd5 27.Nxe6 Qb7 28.Rxc8+ Qxc8 29.Nf4 d4
30.Bxd4 Qc2 31.f3 Qd1+ 32.Kf2 Qc2+ 33.Ne2 Nf5 34.Bxf5 Qxf5 35.Qf4 Qe6 36.h4 Bd5
37.Nc1 h6 38.Qe3 Qh3 39.e6 fxe6 40.Qxh6+  1-0

[Event "Herzliya"]
[Site "Herzliya"]
[Date "1998.09.09"]
[Round "4"]
[White "Zilberman, Yaacov"]
[Black "Zifroni, Dov"]
[Result "1-0"]
[WhiteElo "2520"]
[BlackElo "2505"]

1.Nf3 d5 2.c4 c6 3.b3 Bg4 4.Bb2 Nf6 5.e3 e6 6.h3 Bh5 7.Be2 Nbd7 8.d3 Bb4+
9.Nbd2 Bxf3 10.gxf3 e5 11.a3 Bd6 12.d4 O-O 13.b4 exd4 14.Bxd4 Be5 15.Nb3 Qe7
16.Rc1 Rfd8 17.c5 Nf8 18.Rg1 Ng6 19.Qc2 Re8 20.Bxe5 Qxe5 21.f4 Qe7 22.Kf1 Ne4
23.Bg4 Kh8 24.Qb2 Rad8 25.Rc2 Nf6 26.Nd4 Nh4 27.Re2 a5 28.Rc2 axb4 29.axb4 Ra8
30.b5 cxb5 31.Nxb5 Ra5 32.Nd6 Rea8 33.Rc1 Ra2 34.Qe5 Qxe5 35.Nxf7+ Kg8 36.Nxe5 Ne4
37.Be6+ Kf8 38.Bxd5 Rxf2+ 39.Ke1 Nf3+ 40.Nxf3 Rxf3 41.Ke2 Rf2+ 42.Kd3 Rd2+
43.Kxe4 Re8+ 44.Kf3 Rxd5 45.Rc3 Rc8 46.Rb1 Rdxc5 47.Rxc5 Rxc5 48.Rxb7 Rc6
49.e4 Rc4 50.e5 Ra4 51.Kg4 Ra6 52.Kf5 Rc6 53.Rd7 Ra6 54.Rd6 Ra8 55.h4 Ke7
56.Re6+ Kf7 57.h5 Ra7 58.Rc6 Rb7 59.Kg5 Ra7 60.Rc8 Ra6 61.Rh8 Rb6 62.Rc8 Ra6
63.Rc7+ Kf8 64.Rd7 Rb6 65.Rd6 Rb7 66.f5 h6+ 67.Kg6 Rb1 68.Rd8+ Ke7 69.Rg8 Rg1+
70.Kh7 Rb1 71.Rxg7+ Ke8 72.e6  1-0

[Event "Herzliya"]
[Site "Herzliya"]
[Date "1998.09.10"]
[Round "5"]
[White "Wells, Peter K"]
[Black "Bykhovsky, Avigdor"]
[Result "1-0"]
[WhiteElo "2515"]
[BlackElo "2455"]

1.Nf3 d5 2.c4 c6 3.d4 dxc4 4.e3 Be6 5.a4 Nf6 6.Na3 c5 7.Nxc4 Nc6 8.Nce5 Nxe5
9.Nxe5 a6 10.a5 cxd4 11.exd4 Qd5 12.Be2 Qb3 13.O-O Qxd1 14.Bxd1 Bd5 15.Ba4+ Kd8
16.Be3 Ne8 17.Rac1 Nd6 18.Rc5 e6 19.Rfc1 f6 20.Nd7 Nb5 21.Rxd5 exd5 22.Nb6 Rb8
23.Bxb5 Bd6 24.Ba4 Rf8 25.Bb3 Rf7 26.Bxd5 Rc7 27.Nc4 Rbc8 28.Be6 Ra8 29.d5 Bc5
30.Nb6  1-0